Foxpro 2.0 c and multi user programming / (Record no. 182474)
[ view plain ]
| 000 -LEADER | |
|---|---|
| fixed length control field | 00732nam a2200217Ia 4500 |
| 005 - DATE AND TIME OF LATEST TRANSACTION | |
| control field | 20230901144407.0 |
| 008 - FIXED-LENGTH DATA ELEMENTS--GENERAL INFORMATION | |
| fixed length control field | 210716s1993 xx 000 0 und d |
| 040 ## - CATALOGING SOURCE | |
| Transcribing agency | AIMIT LIBRARY |
| 041 ## - LANGUAGE CODE | |
| Language code of text/sound track or separate title | eng |
| 082 ## - DEWEY DECIMAL CLASSIFICATION NUMBER | |
| Classification number | 005.11FP |
| Edition number | 1 |
| Item number | SHAR |
| 100 ## - MAIN ENTRY--PERSONAL NAME | |
| Personal name | Sharma, Ramnath. |
| 9 (RLIN) | 131713 |
| 245 ## - TITLE STATEMENT | |
| Title | Foxpro 2.0 c and multi user programming / |
| Statement of responsibility, etc. | By Ramnath Sharma and Lucien D'souza. |
| 250 ## - EDITION STATEMENT | |
| Edition statement | 1st ed. |
| 260 ## - PUBLICATION, DISTRIBUTION, ETC. | |
| Place of publication, distribution, etc. | New Delhi : |
| Name of publisher, distributor, etc. | BPB Publications , |
| Date of publication, distribution, etc. | 1993. |
| 300 ## - PHYSICAL DESCRIPTION | |
| Extent | 468p. ; |
| Other physical details | PB |
| Dimensions | 22 cm. |
| 650 ## - SUBJECT ADDED ENTRY--TOPICAL TERM | |
| Topical term or geographic name entry element | Passing parameters to library functions |
| 9 (RLIN) | 131714 |
| 650 ## - SUBJECT ADDED ENTRY--TOPICAL TERM | |
| Topical term or geographic name entry element | File handling functions |
| 9 (RLIN) | 131715 |
| 650 ## - SUBJECT ADDED ENTRY--TOPICAL TERM | |
| Topical term or geographic name entry element | Reprocess and error handlers |
| 9 (RLIN) | 131716 |
| 700 ## - ADDED ENTRY--PERSONAL NAME | |
| Personal name | D'souza, Lucien. |
| 9 (RLIN) | 131717 |
| 942 ## - ADDED ENTRY ELEMENTS (KOHA) | |
| Source of classification or shelving scheme | Dewey Decimal Classification |
| Koha item type | Book |
| Edition | 1st ed. |
| Call number prefix | 005.11 FP SHAR |
| Withdrawn status | Lost status | Source of classification or shelving scheme | Damaged status | Not for loan | Collection code | Home library | Current library | Date acquired | Cost, normal purchase price | Total Checkouts | Full call number | Barcode | Date last seen | Cost, replacement price | Price effective from | Koha item type |
|---|---|---|---|---|---|---|---|---|---|---|---|---|---|---|---|---|
| Dewey Decimal Classification | MCA | St Aloysius Institute of Management & Information Technology | St Aloysius Institute of Management & Information Technology | 07/16/2021 | 125.00 | 005.11FP SHAR | MCA01982 | 07/21/2025 | 125.00 | 07/16/2021 | Book | |||||
| Dewey Decimal Classification | MCA | St Aloysius Institute of Management & Information Technology | St Aloysius Institute of Management & Information Technology | 07/16/2021 | 125.00 | 005.11FP SHAR | MCA02044 | 07/21/2025 | 125.00 | 07/16/2021 | Book |